Цивільно-правова охорона авторських прав в умовах розвитку інформаційних технологій (Запис № 463215)

МАРК-запис
000 -Лідер
fixed length control field 03319nam a22002657a 4500
001 - Контрольний номер
control field 216219220
003 - Ідентифікатор контрольного номера
control field UA-OsUOA
005 - Дата та час останнього входження (трансакції)
control field 20210118135917.0
008 - Елементи даних фіксованої довжини – загальна інформація
fixed length control field 200909b un ||||| m||| 00| 0 ukr d
040 ## - Джерело каталогізації
Агенція оригінальної каталогізації UA-OsUOA
Мова каталогізації ukr
Агенція, яка здійснювала перезапис UA-OsUOA
Агенція, яка здійснювала модифікацію UA-OsUOA
041 ## - Код мови
Код мови тексту/ звукової доріжки чи окремого заголовка (П) ukr
080 ## - Індекс Універсальної десяткової класифікації
Індекс Універсальної десяткової класифікації (УДК) (НП) 347.78
090 ## - Локальний шифр розміщення
Класифікаційний індекс УДК 347.78
095 ## - Код спеціальності для авторефератів
Код спеціальності 12.00.03
Назва спеціальності цивільне право і цивільний процес; сімейне право; міжнародне приватне право
100 ## - Основне введення – ім’я особи
Ім’я особи (НП) Ващинець І. І.
245 ## - Відомості про назву
Назва (НП) Цивільно-правова охорона авторських прав в умовах розвитку інформаційних технологій
Дані про відповідальність (НП) Ващинець Іван Іванович ; наук. керівник Бошицький Юрій Ладиславович
260 ## - Публікація, розповсюдження і т.п. (Вихідні дані)
Місце публікації, розповсюдження і т.п. (П) Київ
Дата публікації, розповсюдження і т.п. (П) 2006
300 ## - Фізичний опис
Обсяг 20 с.
502 ## - Примітка про дисертацію
Зв'язок Автореферат дисертації на здобуття наукового ступеня кандидата юридичних наук<br/>
Наймення інституції, що представляється Інститут держави і права ім. В. М. Корецького
Рік отримання вченого ступеня 2006
520 ## - Резюме і т.п.
Резюме, реферат, анотація, тощо (НП) Дисертація присвячена комплексному дослідженню проблем цивільноправової охорони авторських прав в умовах розвитку інформаційних технологій. У дисертації визначаються основні тенденції розвитку авторського права в сучасних умовах, вплив інформаційних технологій на розвиток понять об’єкта ангорського права та автора твору, проводиться правовий аналіз поняття та умов охорони авторських прав, а також особливостей цивільно-правової охорони особистих немайнових та майнових прав автора, визначається поняття захисту авторських прав, досліджується правова природа цивільно-правових способів захисту авторських прав, дається поняття технічних засобів захисту авторського права, визначається їх правовий статус. <br/>У дисертаційному дослідженні на підставі правового аналізу чинного вітчизняного та іноземного законодавства, вітчизняної та іноземної судової практики, юридичної літератури обґрунтовані наукові висновки, сформульовані пропозиції щодо удосконаленні Цивільного кодексу України та Закону України “Про авторське право і суміжні права”.
650 ## - Додаткове предметне введення – тематичний термін
Джерело заголовка чи терміна UDC
Тематичний термін чи географічна назва, як елемент введення (НП) 347 Цивільне право
942 ## - Додаткові елементи входу (Коха)
Source of classification or shelving scheme Universal Decimal Classification
Тип елемента Koha Автореферат
955 ## - Код типу видання за змістом
Код типу видання за змістом (НП) Наукові видання

Немає доступних примірників.